| 000 | 01031cam a2200313 a 4500 | ||
|---|---|---|---|
| 999 |
_c173190 _d173190 |
||
| 001 | 12491384 | ||
| 003 | Nust | ||
| 005 | 20180716043600.0 | ||
| 008 | 891024s1996 enka 00011 eng d | ||
| 010 | _a 2001411738 | ||
| 020 |
_a9781851520503 _cRs. 860 |
||
| 035 | _a(CStRLIN)NJRG89-B30173 | ||
| 038 | _aArshad | ||
| 040 |
_aNjR _cNjR _dDLC |
||
| 050 | 0 | 0 |
_aPR4030 _b1996 |
| 082 | 0 | 0 |
_a823.7 _bAUS |
| 100 | 1 |
_aAusten, Jane, _d1775-1817. _93693 |
|
| 240 | 1 | 0 | _aNovels |
| 245 | 1 | 4 |
_aThe complete illustrated novels of Jane Austen / _cillustrated by Hugh Thomson. |
| 260 |
_aLondon : _bChancellor, _c1996 |
||
| 300 |
_av. <2 > : _bill. ; _c22 cm. |
||
| 505 | 1 | _av. 2. Sense and sensibility -- Emma -- Northanger Abbey | |
| 650 | 0 |
_aRomance fiction, English. _911643 |
|
| 650 | 0 |
_aYoung women _vFiction. _93694 |
|
| 651 | 0 |
_aEngland _xSocial life and customs _vFiction. _911644 |
|
| 906 |
_a7 _bcbc _corigres _d3 _encip _f20 _gy-gencatlg |
||
| 942 |
_2ddc _cBK |
||